000 00739nam0a22002531 4500
001 rc\3952457
005 20250611034346.0
021 _aRU
_b[56-46097]
035 _a(NLR Aleph) 008045238
090 _a8906925
_c8906925
100 _a20130415d1956 |||y0rusy50 ca
101 0 _arus
102 _aRU
105 _aa z |||||
200 1 _aЛетние платья
_eСезон 1956 г.
_e[Альбом
210 _aМосква
_cЖурн. мод
_cГизлегпром
_d1956]
215 _a30 с.
_cил.
_d22
606 _aМоды
_z1956
_2psbo
606 _aОдежда женская
_xМодели
_z1956
_2psbo
801 0 _aRU
_bNLR
_gpsbo
801 1 _aRU
_bELAR
_2rusmarc
852 _aNLR
_jТ56 Г-6/313
942 _cBOOK
980 _aNB